LAS RELACIONES EXTERIORES DE LA COMUNIDAD ECONOMICA EUROPEA/

TRADUCCION DE: LES RELATIONS EXTERIEURS DE LA C.E.E.

Kaydedildi:
Detaylı Bibliyografya
Yazar: Bourrinet, J. (autor)
Diğer Yazarlar: Torrelli, M. (autor) (autor)
Materyal Türü: Kitap
Konular:
Etiketler: Etiketle
Etiket eklenmemiş, İlk siz ekleyin!

MARC

LEADER 00000nam^a2200000^a^4500
001 000223065
005 20250521000000.0
009 20260310104006.745
020 |a 968-16-3065-3 
035 |a 042133 
037 |a Acervo Xavier Clavigero 
082 |a 382. 9142  |b BOU 
100 |a Bourrinet, J.  |e (autor) 
245 1 4 |a LAS RELACIONES EXTERIORES DE LA COMUNIDAD ECONOMICA EUROPEA/  |c J. BOURRINET, M. TORRELLI; TR. HUGO MARTINEZ MOCTEZUMA 
264 |a MEXICO :  |b FONDO DE CULTURA ECONOMICA,  |c 1969 
300 |a 163p. 
336 |a texto  |b txt  |2 rdacontenido 
337 |a sin mediación  |b n  |2 rdamedio 
338 |a volumen  |b nc  |2 rdasoporte 
520 |a TRADUCCION DE: LES RELATIONS EXTERIEURS DE LA C.E.E. 
520 |a INCLUYE BIBLIOGRAFIA 
610 |a Comunidad Económica Europea 
649 |a XX 
700 |a Torrelli, M.  |e (autor) 
910 |a Fondo General 
920 |a Impresos - Libros 
930 |a Colección General 
905 |a 101 
901 |a 042133  |b IT1  |c ACC  |i 042133  |u 20250521 
902 |a https://opac.biblio.iteso.mx/vufind/Record/000223065